Southville International School and Colleges
Your cart is empty.
  • Cart
  • Lists
    Public lists Eva Luna New books Lux_list list_1
    Your lists Log in to create your own lists
  • Log in to your account
  • Your cookies
  • Search history
Southville International School and Colleges
  • Advanced search
  • Recent comments
  • Most popular
  • Libraries

Log in to your account

Log in with GOOGLE


If you do not have an external account, but do have a local account, you can still log in:

  1. Home
  2. MARC view: Crowd influence on the athletic performance of SISC high school basketball varsity players /
Normal view MARC view ISBD view

Crowd influence on the athletic performance of SISC high school basketball varsity players / (Record no. 278642)

[ view plain ]
MARC details
000 -LEADER
fixed length control field 01736nam a2200241Ia 4500
003 - CONTROL NUMBER IDENTIFIER
control field 0
005 - DATE AND TIME OF LATEST TRANSACTION
control field 20250127101316.0
008 - FIXED-LENGTH DATA ELEMENTS--GENERAL INFORMATION
fixed length control field 150126s9999 xx 000 0 und d
050 ## - LIBRARY OF CONGRESS CALL NUMBER
Classification number PHS GV 706.5
Item number .Am491 2014
100 ## - MAIN ENTRY--PERSONAL NAME
Personal name Ambatali, Wuren.
245 ## - TITLE STATEMENT
Title Crowd influence on the athletic performance of SISC high school basketball varsity players /
Statement of responsibility, etc Wuren Ambatali.
260 ## - PUBLICATION, DISTRIBUTION, ETC. (IMPRINT)
Place of publication, distribution, etc Las Piñas City, Philippines :
Name of publisher, distributor, etc Southville International School and Colleges,
Date of publication, distribution, etc 2014.
300 ## - PHYSICAL DESCRIPTION
Extent 18 pages :
Other physical details illustration ;
Dimensions 28 cm.
504 ## - BIBLIOGRAPHY, ETC. NOTE
Bibliography, etc Includes bibliographical references.
520 ## - SUMMARY, ETC.
Summary, etc This research is about the athletic performance level of SISC High School Basketball Varsity players. Through the use of Purposive sampling the researcher was able to get the data needed for the research. The researcher found out that there was no significant difference in the athletic level of the SISC Basketball Varsity players when it comes to crowd influence.<br/><br/>The researcher would like to recommend that another study should be made using another variable, equal number of respondents should also be considered and lastly another study should be conducted with other varsity team such as soccer and volleyball.<br/><br/>These research aimed to know profile of the basketball varsity players in terms of gender, level of performance between the two groups of respondents and their significant difference on the level of performance between the two groups of respondents when it comes to crowd influence.<br/>
650 ## - SUBJECT ADDED ENTRY--TOPICAL TERM
Topical term or geographic name as entry element Athletic performance.
650 ## - SUBJECT ADDED ENTRY--TOPICAL TERM
Topical term or geographic name as entry element Sports psychology.
650 ## - SUBJECT ADDED ENTRY--TOPICAL TERM
Topical term or geographic name as entry element Crowds
Form subdivision Psychological aspects.
650 ## - SUBJECT ADDED ENTRY--TOPICAL TERM
Topical term or geographic name as entry element Motivation in sports.
650 ## - SUBJECT ADDED ENTRY--TOPICAL TERM
Topical term or geographic name as entry element Audience behavior.
650 ## - SUBJECT ADDED ENTRY--TOPICAL TERM
Topical term or geographic name as entry element Social influence.
942 ## - ADDED ENTRY ELEMENTS (KOHA)
Source of classification or shelving scheme Library of Congress Classification
Koha item type PASS
Holdings
Withdrawn status Lost status Source of classification or shelving scheme Damaged status Home library Current library Shelving location Date acquired Source of acquisition Total Checkouts Full call number Barcode Date last seen Price effective from Koha item type
    Library of Congress Classification   Luxembourg Library Luxembourg Library Portfolio Assessment of SISC Students Section 02/06/2042 Donation   PHS GV 706.5 .Am491 2014 P3298 01/26/2015 01/26/2015 PASS

Crowd influence on the athletic performance of SISC high school basketball varsity players /

APA

Ambatali W., . (2014). Crowd influence on the athletic performance of SISC high school basketball varsity players. Las Piñas City, Philippines: Southville International School and Colleges.

Chicago

Ambatali Wuren, . 2014. Crowd influence on the athletic performance of SISC high school basketball varsity players. Las Piñas City, Philippines: Southville International School and Colleges.

Harvard

Ambatali W., . (2014). Crowd influence on the athletic performance of SISC high school basketball varsity players. Las Piñas City, Philippines: Southville International School and Colleges.

MLA

Ambatali Wuren, . Crowd influence on the athletic performance of SISC high school basketball varsity players. Las Piñas City, Philippines: Southville International School and Colleges. 2014.

  • Print
  • Cite
  • Add to your cart (remove)
  • Save record
    BIBTEX Dublin Core MARCXML MARC (non-Unicode/MARC-8) MARC (Unicode/UTF-8) MARC (Unicode/UTF-8, Standard) MODS (XML) RIS
  • More searches
    Search for this title in:
    Other Libraries (WorldCat) Other Databases (Google Scholar) Online Stores (Bookfinder.com) Open Library (openlibrary.org)

Exporting to Dublin Core...

SOUTHVILLE LIBRARY

Southville International School and Colleges Library

1281 Tropical Ave. Cor. Luxembourg St., BF Homes International, Las Pinas City

Tel. No. 8256374 / 252358 Loc. 117/146

Powered by Koha